000 00429nam a22001457a 4500
020 _qHard Binding.
040 _cSINES-NUST,
082 _a570.2
_bZEB
100 _aMomina Zeb.
_992017
245 _aModeling Influential Extrinsic Factors of Mastitis in Cows:
_bA Case Study /
_cZeb, Momina
260 _aIslamabad:
_bSINES-NUST,
_c2022.
300 _a61 p. :
_bill. ;
_c30cm.
650 _2MS-Bio-Informatics.
942 _2ddc
_cTHE
999 _c590128
_d590128